000 00344nam a2200085Ia 4500
005 20250424112855.0
008 250424s9999 xx 000 0 und d
650 _aNigerian Institute of Science Laboratory Technology--Periodicals. Technologists--Accreditation--Nigeria--Periodicals. Technologists--Training of--Nigeria--Periodicals.
942 _cSR
999 _c37638
_d37638